Statistiques concernant Tiktokeuses transgenres

Cliquez ici pour prendre le quiz!

Statistiques générales

  • Ce quiz a été pris 44 fois
    (32 depuis la dernière actualisation)
  • Le résultat moyen est 5 sur 34

Statistiques - réponses

AbonnéesNom% Correct
780kdianatomicx
72%
3,5Mmeryl.bie
56%
346k
(mais ancien compte banni à 1,5M)
tess
56%
358knina__story
36%
553kjennymyoff
32%
248kunedivasurtiktok
32%
900kzeliahxo
32%
ancien compte banni
mais + de 200k
naomimgn
28%
35kduboisjade
24%
410kjade.cve
24%
410kpewiyana
16%
15kcédrine
12%
390keldia.ntb
12%
83klouiiseprt
12%
59kouryelmm
12%
118ksanayaserra
8%
11.5kx.lylas
8%
2,2Myumafaitsastar
8%
89kabbey.drgn
4%
12kasuna.official
4%
15kazurathedollz
4%
35.5kbella.iah
4%
21kbriannafr_
4%
320kiambluesavage
4%
17.5kiriscabelli
4%
15.5kjulyghm
4%
11kkamilleoff
4%
195klatorezofficiel
4%
17.5kleila_off41
4%
31kpeyton.thb
4%
163ksamcocoleia
4%
116kyasmine.rnm
4%
≃10kysmne.212i
4%
25kzahiadst
4%

Distribution des résultats

Percentile par nombre de réponses

% des personnes avec chaque résultat

Votre développement - résultats

Vous n’avez pas pris ce quiz depuis la dernière actualisation